| 000 | 00976cam a22002774a 4500 | ||
|---|---|---|---|
| 001 | 2364 | ||
| 005 | 20240221114226.0 | ||
| 020 | _a9780516244655 | ||
| 040 |
_aDLC _cDLC _dDLC _beng |
||
| 050 | 0 | 0 |
_aG587 _b 2003 |
| 082 | 0 | 0 | _a919.804 |
| 100 | 1 | _aNichols, Catherine | |
| 245 | 1 | 0 |
_aPolar adventures : a chapter book / _cby Nicholas, Cathreine |
| 250 | _aFirst Scholastic book club printing, November 2003 | ||
| 260 |
_aNew York : _bScholastic, _c2003 |
||
| 300 |
_a48 pages : _bcolor illustrations ; _c24 cm . |
||
| 490 | _a True Tales | ||
| 505 | _aO | ||
| 520 | _aBriefly discusses some of the explorers of the North and South Poles, including Robert Peary, Ernest Shackleton, Matthew Henson, and Donald Macmillan. | ||
| 521 |
_a620 _bLexile |
||
| 521 |
_aO
_bRaz-Plus |
||
| 650 | 0 |
_aExplorers _zPolar regions _xHistory _vJuvenile literature. |
|
| 650 | 1 |
_aExplorers _zPolar regions. |
|
| 906 |
_a7 _bcbc _corignew _d1 _eecip _f20 _gy-gencatlg |
||
| 942 |
_2ddc _cBK _n0 |
||
| 999 |
_c2364 _d2364 |
||